Caracterización genética para proteínas de la leche, reproducción y estrés calórico en bovinos de Regiones Tropicales de México / (Record no. 219674)
[ view plain ]
| 000 -CABECERA | |
|---|---|
| campo de control de longitud fija | 02812nam a2200289 a 4500 |
| 003 - IDENTIFICADOR DEL NÚMERO DE CONTROL | |
| campo de control | OSt |
| 005 - FECHA Y HORA DE LA ÚLTIMA TRANSACCIÓN | |
| campo de control | 20251111110911.0 |
| 007 - CAMPO FIJO DE DESCRIPCIÓN FÍSICA--INFORMACIÓN GENERAL | |
| campo de control de longitud fija | cr ||||||a|c|a |
| 008 - DATOS DE LONGITUD FIJA--INFORMACIÓN GENERAL | |
| campo de control de longitud fija | 240213s2020 mx a|||fom||| 001 0 spa d |
| 040 ## - FUENTE DE LA CATALOGACIÓN | |
| Normas de descripción | rda |
| 100 1# - ENTRADA PRINCIPAL--NOMBRE DE PERSONA | |
| 9 (RLIN) | 188709 |
| Nombre de persona | Vélez Labrada, José Luis |
| 245 10 - MENCIÓN DE TÍTULO | |
| Título | Caracterización genética para proteínas de la leche, reproducción y estrés calórico en bovinos de Regiones Tropicales de México / |
| Mención de responsabilidad, etc. | por José Luis Vélez Labrada; director de tesis |
| 264 #1 - PRODUCCIÓN, PUBLICACIÓN, DISTRIBUCIÓN, FABRICACIÓN Y COPYRIGHT | |
| Producción, publicación, distribución, fabricación y copyright | Chapingo, México : |
| Nombre del de productor, editor, distribuidor, fabricante | El autor, |
| Fecha de producción, publicación, distribución, fabricación o copyright | 2020. |
| 300 ## - DESCRIPCIÓN FÍSICA | |
| Extensión | 1 recurso en línea (61 páginas): |
| Otras características físicas | cuadros, figuras. |
| 336 ## - TIPO DE CONTENIDO | |
| Fuente | rdacontent |
| Término de tipo de contenido | texto |
| Código de tipo de contenido | txt |
| 337 ## - TIPO DE MEDIO | |
| Fuente | rdamedia |
| Nombre/término del tipo de medio | computadora |
| Código del tipo de medio | c |
| 338 ## - TIPO DE SOPORTE | |
| Fuente | rdacarrier |
| Nombre/término del tipo de soporte | recurso en línea |
| Código del tipo de soporte | cr |
| 502 ## - NOTA DE TESIS | |
| Tipo de título | Ingeniero Agrónomo Especialista en Zootecnia |
| Nombre de la institución que otorga el título | Departamento de Enseñanza, Investigación y Servicio en Zootecnia, |
| Año de obtención del título | 2020. |
| Información miscelánea | Licenciatura |
| 504 ## - NOTA DE BIBLIOGRAFÍA, ETC. | |
| Nota de bibliografía, etc. | Incluye referencias bibliográficas: páginas 38-50. |
| 520 ## - SUMARIO, ETC. | |
| Sumario, etc. | Se analizaron cuatro poblaciones de bovinos (CLT, Gyr, Gyr-holando y Guzerat) para los loci αS1-caseína, αS2-caseína, β-caseína, κ-caseína, α-lactoalbumina, βlactoglobulina, DGAT1, SCD1, FSHR y HSP. Se extrajo ADN de pelo y semen congelado de 1145 animales. Se detectaron polimorfismos con secuencias SNP, mediante PCR tiempo real. El alelo A para αS1-caseína estuvo presente solo en CLT (0.24), siendo el alelo C dominante para el resto de las poblaciones (0.670.92). Para αS2-caseína el alelo con más frecuencia en las cuatro poblaciones fue A (CLT 0.56; Gyr 0.996; Gyr-holando 1.0; Guzerat 1.0). En β- caseína la variante A2 tuvo mayor frecuencia en CLT 0.62; Gyr 0.93; Gyr-holando 0.85; Guzerat 0.92. En el locus κ-caseína el alelo A fue domínate (Gyr 0.94; Gyr- holando 0.80; Guzerat 0.92), exceptuando la población CLT (B; 0.54). Para α- lactoalbumina y βlactoglobulina, la variante B dominó en las cuatro poblaciones. En los loci DGAT1 y SCD1 el alelo A tuvo mayor frecuencia en los cuatro grupos raciales. Las poblaciones de estudio presentan genotipos que sugieren fertilidad alta, referente al loci FSHR además los bovinos CLT poseen tolerancia a condiciones adversas al tener HSP especializadas. Las poblaciones CLT y Gyr tuvieron comportamiento polimórfico en todos los loci de este estudio. K-caseína, SCD1 y FSHR-V5 están en equilibrio Hardy-Weinberg en CLT, contrastando con las otras tres razas. Las poblaciones de este estudio presentan recursos genéticos de importancia económica y zootécnica, por ello, pueden ser una herramienta útil en esquemas de cruzamiento. |
| 650 #4 - PUNTO DE ACCESO ADICIONAL DE MATERIA--TÉRMINO DE MATERIA | |
| 9 (RLIN) | 45470 |
| Término de materia o nombre geográfico como elemento de entrada | Ganado vacuno |
| Subdivisión general | Genética |
| 650 #4 - PUNTO DE ACCESO ADICIONAL DE MATERIA--TÉRMINO DE MATERIA | |
| 9 (RLIN) | 45480 |
| Término de materia o nombre geográfico como elemento de entrada | Ganado vacuno |
| Subdivisión general | Mejoramiento |
| 650 #4 - PUNTO DE ACCESO ADICIONAL DE MATERIA--TÉRMINO DE MATERIA | |
| 9 (RLIN) | 45452 |
| Término de materia o nombre geográfico como elemento de entrada | Ganado vacuno |
| Subdivisión general | Cruzas |
| 700 1# - PUNTO DE ACCESO ADICIONAL--NOMBRE DE PERSONA | |
| 9 (RLIN) | 3378 |
| Nombre de persona | Alarcón Zúñiga, Baldomero |
| Término indicativo de función/relación | director. |
| 856 ## - LOCALIZACIÓN Y ACCESO ELECTRÓNICOS | |
| Identificador Uniforme del Recurso | http://10.13.5.2/tesis/tl/Velez_Labrada_Jose_Luis.pdf |
| Nota pública | DESCARGAR PDF |
| 942 ## - ELEMENTOS DE PUNTO DE ACCESO ADICIONAL (KOHA) | |
| Fuente del sistema de clasificación o colocación | Clasificación Universidad Autónoma Chapingo |
| Tipo de ítem Koha | Tesis digital |
| Estado de retiro | Estado de pérdida | Fuente del sistema de clasificación o colocación | Estado dañado | Restricciones de uso | No para préstamo | Código de colección | Localización permanente | Ubicación/localización actual | Ubicación en estantería | Fecha de adquisición | Total de préstamos | Signatura topográfica completa | Fecha visto por última vez | Precio válido a partir de | Tipo de ítem Koha |
|---|---|---|---|---|---|---|---|---|---|---|---|---|---|---|---|
| Clasificación Universidad Autónoma de Chapingo | Préstamo interno | Tesis digitales de Licenciatura | Biblioteca Digital | Biblioteca Digital | En línea | 13/02/2024 | Tesis digital | 13/02/2024 | 13/02/2024 | Tesis digital |
